000
00386nam a22000977a 4500
008
110701t xxu||||| |||| 00| 0 eng d
010
_a
LCCF134
245
_a
Law Council of Uganda LCD 31 OF 1998 Askia Muhammad II Vs Mr. Byenkya of M/S Byenkya, Kihika & Company Advocates
260
_c
1998
999
_c
4369
_d
4369